书目信息 |
| 题名: |
罗素看中国
|
|
| 作者: | 刘检 著 | |
| 分册: | ||
| 出版信息: | 北京 中国大百科全书出版社 2021.01 |
|
| 页数: | 318页 | |
| 开本: | 23cm | |
| 丛书名: | 跨文化研究丛书 | |
| 单 册: | ||
| 中图分类: | B561.54 , K261.107 | |
| 科图分类: | ||
| 主题词: | 五四运动--wu si yun dong--研究 | |
| 电子资源: | ||
| ISBN: | 978-7-5202-0871-0 | |
| 000 | 01366nam 2200313 450 | |
| 001 | 202021193072 | |
| 005 | 20211025120124.0 | |
| 010 | @a978-7-5202-0871-0@dCNY68.00 | |
| 100 | @a20210927d2021 em y0chiy50 ea | |
| 101 | 0 | @achi |
| 102 | @aCN@b110000 | |
| 105 | @ay a 000yy | |
| 106 | @ar | |
| 200 | 1 | @a罗素看中国@Aluo su kan zhong guo@e罗素与中国新文化运动@f刘检著 |
| 210 | @a北京@c中国大百科全书出版社@d2021.01 | |
| 215 | @a318页@d23cm | |
| 225 | 2 | @a跨文化研究丛书@Akua wen hua yan jiu cong shu |
| 314 | @a刘检, 中国社会科学院研究生院英语语言文学博士, 北京印刷学院讲师, 美国密歇根州立大学访问学者, 一级翻译。 | |
| 320 | @a有书目 (第287-305页) | |
| 330 | @a本书以一百年前罗素访华期间 (1920-1921年) 发表的重要演讲为线索, 梳理了他引发的中西文化和社会主义两大论战, 并将罗素的中国之行与中国当时的思想图谱建立联系, 结合其文化观、工业文明观、教育和社会政治思想, 重点从“民族-国家”建构的视角, 探讨罗素对中国政治改革、经济建设、教育发展和文化建设的影响。 | |
| 410 | 0 | @12001 @a跨文化研究丛书 |
| 517 | 1 | @a罗素与中国新文化运动@Aluo su yu zhong guo xin wen hua yun dong |
| 600 | 1 | @a罗素@Aluo su@g(Russell, Bertrand),@f1872-1970@x哲学思想@x研究 |
| 606 | 0 | @a五四运动@Awu si yun dong@x研究 |
| 690 | @aB561.54@v5 | |
| 690 | @aK261.107@v5 | |
| 701 | 0 | @a刘检@Aliu jian@4著 |
| 801 | 0 | @aCN@c20210909 |
| 905 | @a河南城建学院图书馆@dB561.54@eL635 | |
| 罗素看中国:罗素与中国新文化运动/刘检著.-北京:中国大百科全书出版社,2021.01 |
| 318页;23cm.-(跨文化研究丛书) |
| ISBN 978-7-5202-0871-0:CNY68.00 |
| 本书以一百年前罗素访华期间 (1920-1921年) 发表的重要演讲为线索, 梳理了他引发的中西文化和社会主义两大论战, 并将罗素的中国之行与中国当时的思想图谱建立联系, 结合其文化观、工业文明观、教育和社会政治思想, 重点从“民族-国家”建构的视角, 探讨罗素对中国政治改革、经济建设、教育发展和文化建设的影响。 |
| ● |
| 相关链接 |
|
|
|
正题名:罗素看中国
索取号:B561.54/L635
 
预约/预借
| 序号 | 登录号 | 条形码 | 馆藏地/架位号 | 状态 | 备注 |
| 1 | 1540225 | 215402259 | 社科库509/509社科库 18排3列2层/ [索取号:B561.54/L635] | 在馆 | |
| 2 | 1540226 | 215402268 | 社科库509/509社科库 18排3列2层/ [索取号:B561.54/L635] | 在馆 |